Erotiska lekar vad mannen bör veta om kvinnan ...

Bibliographic Details
Main Author: Stoppard, Miriam, 1937- (Author)
Other Authors: Junker Miranda, Ulrika (Translator)
Format: Book
Language:Swedish
PhysicalDescription:255 s. ilustr. 24 cm
Published: Stockholm Bonnier 2000
ISBN:9134520147
Subjects:

MARC

LEADER 00000nam a2200000 a 4500
001 vtls001430473
003 SK-MaSNL
005 20260301120915.0
008 251124s2000 sw a r 0 swe
020 |a 9134520147 
035 |a SNK000385500 
035 |a urn:nbn:sk:snk-amk581 
035 |a urn:nbn:sk:snk-am004zur 
035 |a 5BFB6547-ADE5-4F3D-B590-3965244C8CFB 
040 |a SNK  |b slo  |c SNK  |e AACR2 
041 0 |a swe 
044 |a SE 
080 |a 392.61(084.12)  |2 1981 
080 |a 613.88(084.12)  |2 1981 
100 1 |a Stoppard, Miriam,  |d 1937-  |4 aut  |9 107769 
245 1 0 |a Erotiska lekar  |b vad mannen bör veta om kvinnan ...  |c Miriam Stoppard ; översättning Ulrika Junker Miranda 
260 |a Stockholm  |b Bonnier  |c 2000  |e [Martin]  |f Neografia 
300 |a 255 s.  |b ilustr.  |c 24 cm 
500 |a A Doling Kindersley book 
650 0 7 |a sex  |2 SNKPH  |9 2586 
650 0 7 |a sexualita  |2 SNKPH  |9 1946 
655 7 |a príručky  |2 SNKPH  |9 74364 
700 1 |a Junker Miranda, Ulrika  |4 trl  |9 464212 
919 |a 91-34-52014-7 
958 |a OND 
999 |c 727521  |d 729451 
952 |t P60, <03>, [BOOK], {603}  |a SNK  |b SNK  |y PREZ  |7 0  |p 17A0336447  |o snkSC 107451  |i snkKSP 2901/2002  |0 0  |1 0  |4 0  |d 2002-03-12  |f 1  |l 0  |r 2025-09-29 00:00:00  |w 2026-02-23